Fünf größte Metropolen in....EXTREME - Statistiken

Allgemein
  • Dieses Quiz wurde 362 mal gespielt
  • Das Durchschnittsergebnis liegt bei 51 aus 83
Antwortstatistiken
Einwohnerzahl Metropolregion in Deutschland % Korrekt
4.454.000 Berlin
100%
2.741.000 Hamburg
98%
14.075.652 London
96%
10.460.118 Paris
96%
1.028.603 Amsterdam
94%
4.022.723 Rom
94%
6.321.398 Madrid
93%
4.971.701 Barcelona
92%
13.310.447 Los Angeles
92%
20.153.634 New York
92%
2.251.474 Warschau
92%
4.373.992 Mailand
91%
12.262.185 Rio de Janeiro
91%
36.769.213 Tokio
91%
4.850.000 Köln-Düsseldorf
90%
2.938.973 Manchester
89%
982.986 Rotterdam
89%
5.005.400 Sydney
89%
1.559.789 Marseille
88%
3.865.701 Neapel
88%
19.612.368 Peking
88%
3.118.000 Frankfurt-Wiesbaden-Darmstadt
87%
6.242.273 Toronto
87%
1.551.108 Lyon
86%
2.989.137 Birmingham-Wolverhampton
85%
1.652.158 Liverpool-Birkenhead
85%
4.250.000 Melbourne
84%
21.391.624 Sao Paulo
84%
23.019.196 Shanghai
84%
9.512.999 Chicago
83%
4.366.901 Brasilia
81%
18.414.288 Mumbai
81%
1.707.201 Turin
81%
2.548.740 Vancouver
81%
17.524.809 Osaka-Kobe-Kyoto
79%
1.897.548 Perth
79%
619.414 Den Haag
78%
5.608.000 Ruhrgebiet
78%
1.343.680 Sevilla
78%
1.384.871 Valencia
78%
16.314.838 Delhi
77%
801.739 Krakau
75%
4.093.767 Montreal
74%
6.772.470 Houston
72%
6.708.000 Hongkong
68%
14.112.536 Kolkata
68%
1.014.119 Palermo
68%
2.274.600 Brisbane
67%
866.613 Danzig
67%
2.128.760 Leeds-Bradford
66%
7.233.323 Dallas
65%
941.777 Nizza
65%
1.144.125 Bilbao
60%
5.898.745 Belo Horizonte
56%
1.018.356 Lille
56%
1.277.174 Adelaide
55%
429.349 Utrecht
51%
982.508 Lodz
50%
1.469.341 Calgary
47%
1.392.594 Edmonton
47%
8.499.399 Bengaluru
46%
8.696.010 Chennai
41%
2.565.519 Sapporo
36%
8.798.583 Nagoya
35%
2.552.515 Katowice
34%
4.212.260 Porto Alegre
30%
12.938.693 Tianjin
28%
736.107 Arnhem-Nijmegen
27%
4.273.637 Fukuoka-Kitakyushu
23%
28.846.170 Chongqing
19%
Einwohnerzahl Metropolregion in Australien
1%
Einwohnerzahl Metropolregion in Brasilien
1%
Einwohnerzahl Metropolregion in China
1%
Einwohnerzahl Metropolregion in den Niederlanden
1%
Einwohnerzahl Metropolregion in den USA
1%
Einwohnerzahl Metropolregion in Frankreich
1%
Einwohnerzahl Metropolregion in Großbritannein
1%
Einwohnerzahl Metropolregion in Indien
1%
Einwohnerzahl Metropolregion in Italien
1%
Einwohnerzahl Metropolregion in Japan
1%
Einwohnerzahl Metropolregion in Kanada
1%
Einwohnerzahl Metropolregion in Polen
1%
Einwohnerzahl Metropolregion in Spanien
1%
Keine übereinstimmenden Quizze gefunden
Verteilung der Resultate
Anzahl Personen mit jedem Resultat
Perzentil nach korrekt beantworteten Fragen
Ihre Resultats-Entwicklung
Sie haben dieses Quiz noch nicht gespielt